| 000 | 00457nam a2200181Ia 4500 | ||
|---|---|---|---|
| 008 | 230917s9999||||xx |||||||||||||| ||und|| | ||
| 020 | _cGBP52.99 | ||
| 040 |
_e235099 _aMAIN |
||
| 041 | _aEnglish | ||
| 082 | _a570 S53C(6) | ||
| 100 | _aSimon, Eric J | ||
| 245 | 0 | _aCampbell essential biology | |
| 250 | _a6th ed. | ||
| 260 |
_aEngland _bPearson _c2016 |
||
| 300 | _a540 p. | ||
| 500 | _a2397 05/10/2016 HBD16/6709 10/11/2016 UIET (SFS) | ||
| 942 | _cBK | ||
| 999 |
_c19295 _d19295 |
||